Los fondos fiduciarios públicos (Registro nro. 24091)
[ vista simple ]
| 000 -LEADER | |
|---|---|
| fixed length control field | 00357 a2200109 4500 |
| 001 - CONTROL NUMBER | |
| control field | ART_37110 |
| 005 - DATE AND TIME OF LATEST TRANSACTION | |
| control field | 20260410161841.0 |
| 008 - FIXED-LENGTH DATA ELEMENTS--GENERAL INFORMATION | |
| fixed length control field | 260409a |
| 100 1# - MAIN ENTRY--PERSONAL NAME | |
| Personal name | Barra, Rodolfo Carlos |
| 245 10 - TITLE STATEMENT | |
| Title | Los fondos fiduciarios públicos |
| 773 0# - HOST ITEM ENTRY | |
| Title | RAP |
| Related parts | Infraestructura pública y participación privada - Año 38, Nº 449 (feb. 2016) |
| Record control number | REV5941 |
No hay ítems disponibles.